<?xml version="1.0" encoding="UTF-8"?>
<record
    xmlns:xsi="http://www.w3.org/2001/XMLSchema-instance"
    xsi:schemaLocation="http://www.loc.gov/MARC21/slim http://www.loc.gov/standards/marcxml/schema/MARC21slim.xsd"
    xmlns="http://www.loc.gov/MARC21/slim">

  <leader>01318    a2200253   4500</leader>
  <controlfield tag="003">NALT</controlfield>
  <controlfield tag="005">20210823111226.0</controlfield>
  <controlfield tag="008">180726b        th ||||| |||| 00| 0 tha d</controlfield>
  <datafield tag="020" ind1=" " ind2=" ">
    <subfield code="a">9786169278214</subfield>
  </datafield>
  <datafield tag="040" ind1=" " ind2=" ">
    <subfield code="a">NALT</subfield>
  </datafield>
  <datafield tag="050" ind1=" " ind2=" ">
    <subfield code="a">H 61.92.T5</subfield>
    <subfield code="b">&#xE10;369&#xE2B; 2561</subfield>
  </datafield>
  <datafield tag="100" ind1="0" ind2=" ">
    <subfield code="a">&#xE10;&#xE34;&#xE15;&#xE34;&#xE27;&#xE38;&#xE12;&#xE34; &#xE19;&#xE31;&#xE19;&#xE17;&#xE34;&#xE20;&#xE32;&#xE04;&#xE22;&#xE4C;&#xE2B;&#xE34;&#xE23;&#xE31;&#xE0D;</subfield>
    <subfield code="9">29666</subfield>
  </datafield>
  <datafield tag="245" ind1="1" ind2="0">
    <subfield code="a">&#xE2B;&#xE19;&#xE31;&#xE07;&#xE2A;&#xE37;&#xE2D;&#xE27;&#xE34;&#xE40;&#xE28;&#xE29; Infographic &#xE2A;&#xE31;&#xE07;&#xE04;&#xE21;&#xE28;&#xE36;&#xE01;&#xE29;&#xE32; &#xE2A;&#xE23;&#xE38;&#xE1B; &#xE21;.&#xE1B;&#xE25;&#xE32;&#xE22; /</subfield>
    <subfield code="c">&#xE10;&#xE34;&#xE15;&#xE34;&#xE27;&#xE38;&#xE12;&#xE34; &#xE19;&#xE31;&#xE19;&#xE17;&#xE34;&#xE20;&#xE32;&#xE04;&#xE22;&#xE4C;&#xE2B;&#xE34;&#xE23;&#xE31;&#xE0D;, &#xE1B;&#xE23;&#xE34;&#xE1E;&#xE31;&#xE12;&#xE19;&#xE4C; &#xE2A;&#xE34;&#xE19;&#xE21;&#xE32;, &#xE04;&#xE21;&#xE08;&#xE23;&#xE31;&#xE2A; &#xE41;&#xE01;&#xE49;&#xE27;&#xE0A;&#xE31;&#xE22;&#xE40;&#xE08;&#xE23;&#xE34;&#xE0D;&#xE01;&#xE34;&#xE08;.</subfield>
  </datafield>
  <datafield tag="250" ind1=" " ind2=" ">
    <subfield code="a">&#xE1E;&#xE34;&#xE21;&#xE1E;&#xE4C;&#xE04;&#xE23;&#xE31;&#xE49;&#xE07;&#xE17;&#xE35;&#xE48; 2</subfield>
  </datafield>
  <datafield tag="260" ind1=" " ind2=" ">
    <subfield code="a">&#xE01;&#xE23;&#xE38;&#xE07;&#xE40;&#xE17;&#xE1E;&#xE2F; :</subfield>
    <subfield code="b">&#xE27;&#xE34;&#xE40;&#xE0B;&#xE0B; &#xE04;&#xE2D;&#xE23;&#xE4C;&#xE1B;&#xE2D;&#xE40;&#xE23;&#xE0A;&#xE31;&#xE48;&#xE19;,</subfield>
    <subfield code="c">2561.</subfield>
  </datafield>
  <datafield tag="300" ind1=" " ind2=" ">
    <subfield code="a">211 &#xE2B;&#xE19;&#xE49;&#xE32; :</subfield>
    <subfield code="b">&#xE20;&#xE32;&#xE1E;&#xE1B;&#xE23;&#xE30;&#xE01;&#xE2D;&#xE1A; ;</subfield>
    <subfield code="c">21 &#xE0B;&#xE21;.</subfield>
  </datafield>
  <datafield tag="650" ind1=" " ind2="4">
    <subfield code="a">&#xE2A;&#xE31;&#xE07;&#xE04;&#xE21;&#xE28;&#xE36;&#xE01;&#xE29;&#xE32; </subfield>
    <subfield code="x">&#xE01;&#xE32;&#xE23;&#xE28;&#xE36;&#xE01;&#xE29;&#xE32;&#xE41;&#xE25;&#xE30;&#xE01;&#xE32;&#xE23;&#xE2A;&#xE2D;&#xE19; (&#xE21;&#xE31;&#xE18;&#xE22;&#xE21;&#xE28;&#xE36;&#xE01;&#xE29;&#xE32;) </subfield>
    <subfield code="9">29672</subfield>
  </datafield>
  <datafield tag="651" ind1=" " ind2="4">
    <subfield code="9">29673</subfield>
    <subfield code="a">&#xE2A;&#xE31;&#xE07;&#xE04;&#xE21;&#xE28;&#xE36;&#xE01;&#xE29;&#xE32;</subfield>
  </datafield>
  <datafield tag="700" ind1="0" ind2=" ">
    <subfield code="9">29670</subfield>
    <subfield code="a">&#xE1B;&#xE23;&#xE34;&#xE1E;&#xE31;&#xE12;&#xE19;&#xE4C; &#xE2A;&#xE34;&#xE19;&#xE21;&#xE32;</subfield>
  </datafield>
  <datafield tag="700" ind1="0" ind2=" ">
    <subfield code="9">29671</subfield>
    <subfield code="a">&#xE04;&#xE21;&#xE08;&#xE23;&#xE31;&#xE2A; &#xE41;&#xE01;&#xE49;&#xE27;&#xE0A;&#xE31;&#xE22;&#xE40;&#xE08;&#xE23;&#xE34;&#xE0D;&#xE01;&#xE34;&#xE08;</subfield>
  </datafield>
  <datafield tag="850" ind1=" " ind2=" ">
    <subfield code="a">NALT</subfield>
  </datafield>
  <datafield tag="942" ind1=" " ind2=" ">
    <subfield code="2">lcc</subfield>
    <subfield code="c">GB</subfield>
  </datafield>
  <datafield tag="998" ind1=" " ind2=" ">
    <subfield code="a">phon</subfield>
    <subfield code="b">phon</subfield>
    <subfield code="c">phon</subfield>
    <subfield code="j">104</subfield>
    <subfield code="k"> &#xE2A;&#xE32;&#xE22;&#xE1D;&#xE19; &#xE14;&#xE35;&#xE07;&#xE32;&#xE21;</subfield>
  </datafield>
  <datafield tag="999" ind1=" " ind2=" ">
    <subfield code="c">94863</subfield>
    <subfield code="d">94863</subfield>
  </datafield>
  <datafield tag="952" ind1=" " ind2=" ">
    <subfield code="0">0</subfield>
    <subfield code="1">0</subfield>
    <subfield code="2">lcc</subfield>
    <subfield code="4">0</subfield>
    <subfield code="7">0</subfield>
    <subfield code="8">CGBL</subfield>
    <subfield code="a">NALT</subfield>
    <subfield code="b">NALT</subfield>
    <subfield code="d">2018-07-20</subfield>
    <subfield code="e">60</subfield>
    <subfield code="l">0</subfield>
    <subfield code="o">H 61.92.T5 &#xE10;369&#xE2B; 2561</subfield>
    <subfield code="p">3961208423</subfield>
    <subfield code="r">2018-08-07 00:00:00</subfield>
    <subfield code="t">&#xE09;.1</subfield>
    <subfield code="w">2018-07-20</subfield>
    <subfield code="y">GB</subfield>
  </datafield>
  <datafield tag="952" ind1=" " ind2=" ">
    <subfield code="0">0</subfield>
    <subfield code="1">0</subfield>
    <subfield code="2">lcc</subfield>
    <subfield code="4">0</subfield>
    <subfield code="7">0</subfield>
    <subfield code="8">CGBL</subfield>
    <subfield code="a">NALT</subfield>
    <subfield code="b">NALT</subfield>
    <subfield code="d">2019-01-30</subfield>
    <subfield code="e">1</subfield>
    <subfield code="l">0</subfield>
    <subfield code="o">H 61.92.T5 &#xE10;369&#xE2B; 2561</subfield>
    <subfield code="p">3961209067</subfield>
    <subfield code="r">2019-02-08 00:00:00</subfield>
    <subfield code="t">&#xE09;.2</subfield>
    <subfield code="w">2019-01-30</subfield>
    <subfield code="y">GB</subfield>
  </datafield>
</record>
